000 00558nam a22001817a 4500
003 OSt
005 20251002063809.0
008 251002b |||||||| |||| 00| 0 eng d
020 _a0688036333
040 _aDWCL-Main lib
_cOC
082 _aCirc. 158.1 B967f 1980
100 _aBurns, David D.
245 _aFeeling good:
_bthe new mood therapy/
_cDavid D. Burns
260 _aNew York:
_bWilliam Morrow and Company, Inc.,
_cc1980.
300 _a393 pages:
_b illustrations;
_c24cm.
650 _a1. Depression, mental.
942 _2ddc
_cBK-CIRC
_kCirc.
_n0
999 _c4641
_d4641